[Event "Mittelrhein Verbandsliga Sued 1920"]
[Site "Mittelrhein"]
[Date "2019.09.29"]
[Round "1.6"]
[White "Fast, Hartmut"]
[Black "Krueschner, Ralf"]
[Result "1-0"]
[WhiteElo "1854"]
[BlackElo "1861"]
[PlyCount "91"]
[EventDate "2019.09.29"]
[EventType "team-tourn"]
[EventRounds "9"]
[EventCountry "GER"]
[SourceTitle "EXT 2023"]
[Source "ChessBase"]
[SourceDate "2022.10.05"]
[SourceVersion "1"]
[SourceVersionDate "2022.10.05"]
[SourceQuality "1"]
[WhiteTeam "Siebengebirge"]
[BlackTeam "Bonn Stadtverwaltung II"]
[WhiteTeamCountry "GER"]
[BlackTeamCountry "GER"]

1. e4 c5 2. d4 cxd4 3. c3 d3 4. Bxd3 Nc6 5. Nf3 g6 6. Bf4 d6 7. h3 Bg7 8. Qd2 Nf6 9. 0-0 0-0 10. Re1 Nd7 11. Bh6 Nde5 12. Nxe5 Nxe5 13. Be2 Be6 14. Bxg7 Kxg7 15. f4 Nc6 16. a4 Rc8 17. b4 f6 18. Na3 Qc7 19. Rac1 Rfd8 20. Bf3 a6 21. Qe3 Qb8 22. Nc2 b5 23. a5 Bc4 24. Nd4 Nxd4 25. cxd4 Qa7 26. d5 Qxe3+ 27. Rxe3 e5 28. dxe6 Bxe6 29. Rec3 Kf7 30. Rc7+ Kg8 31. Kf2 Rxc7 32. Rxc7 Rc8 33. Ra7 Rc2+ 34. Ke3 Bc8 35. Kd3 Rc4 36. e5 Bf5+ 37. Ke3 Rc3+ 38. Ke2 dxe5 39. fxe5 fxe5 40. Bd5+ Kh8 41. Rxa6 Rc2+ 42. Kd1 Rb2 43. Ra8+ Kg7 44. a6 Rxb4 45. Rg8+ Kh6 46. a7 1-0

[Event "Mittelrhein Regionalliga 18/19"]
[Site "Nordrheinwestfalen"]
[Date "2019.03.10"]
[Round "8.7"]
[White "Krueschner, Ralf"]
[Black "Fokken, Achim"]
[Result "1/2-1/2"]
[WhiteElo "1891"]
[BlackElo "1933"]
[PlyCount "37"]
[EventDate "2018.10.28"]
[EventType "team-tourn"]
[EventRounds "11"]
[EventCountry "GER"]
[SourceTitle "EXT 2022"]
[Source "ChessBase"]
[SourceDate "2021.10.06"]
[SourceVersion "1"]
[SourceVersionDate "2021.10.06"]
[SourceQuality "1"]
[WhiteTeam "Bonn Stadtverwaltung"]
[BlackTeam "Koeln Ford SF"]
[WhiteTeamCountry "GER"]
[BlackTeamCountry "GER"]

1. e4 e5 2. Bc4 Nf6 3. d3 Bc5 4. Nf3 d6 5. c3 Bg4 6. Bb3 Nc6 7. h3 Bh5 8. Nbd2 0-0 9. Nf1 d5 10. Qe2 dxe4 11. dxe4 Bg6 12. Ng3 Qe7 13. 0-0 Nh5 14. Nxh5 Bxh5 15. g4 Bg6 16. Bg5 Qe8 17. Nh4 Be7 18. Nxg6 hxg6 19. Be3 1/2-1/2

[Event "Mittelrhein Verbandsliga Ost 1314"]
[Site "Mittelrhein"]
[Date "2013.09.15"]
[Round "1.7"]
[White "Sanders, Frank"]
[Black "Krueschner, Ralf"]
[Result "1/2-1/2"]
[WhiteElo "1863"]
[BlackElo "1840"]
[PlyCount "68"]
[EventDate "2013.09.15"]
[EventType "team-tourn"]
[EventRounds "11"]
[EventCountry "GER"]
[SourceTitle "EXT 2023"]
[Source "ChessBase"]
[SourceDate "2022.10.05"]
[SourceVersion "1"]
[SourceVersionDate "2022.10.05"]
[SourceQuality "1"]
[WhiteTeam "Lohmar"]
[BlackTeam "Bonn Empor Maulwurf"]
[WhiteTeamCountry "GER"]
[BlackTeamCountry "GER"]

1. e4 c5 2. d4 cxd4 3. c3 Nf6 4. e5 Nd5 5. Qxd4 e6 6. Nf3 Nc6 7. Qe4 f5 8. Qe2 Be7 9. c4 Nb6 10. Bf4 d5 11. exd6 Bxd6 12. Ne5 Nxe5 13. Bxe5 0-0 14. Nc3 Bxe5 15. Qxe5 Qe7 16. 0-0-0 Nd7 17. Qc7 Re8 18. Nb5 Nf6 19. g3 Bd7 20. Nd6 Bc6 21. Nxe8 Qxe8 22. Rg1 Rc8 23. Qf4 b5 24. Kb1 e5 25. Qe3 Be4+ 26. Bd3 bxc4 27. Bxe4 Nxe4 28. Rc1 Qb5 29. Qe2 Qb4 30. a3 Qa5 31. Rxc4 Nd2+ 32. Qxd2 Qxd2 33. Rxc8+ Kf7 34. Rc7+ Kf6 1/2-1/2